Statistics for Deep Purple Songs on the Billboard Hot 100 Chart (USA)

Click here to take the quiz!

General Stats

  • This quiz has been taken 47 times
  • The average score is 3 of 8

Answer Stats

Highest Chart Position, YearAnswer% Correct
4, 1973Smoke on the Water
100%
4, 1968Hush
63%
66, 1970Black Night
39%
60, 1973Woman From Tokyo
39%
38, 1968Kentucky Woman
24%
61, 1985Knocking at Your Back Door
16%
53, 1969River Deep Mountain High
11%
91, 1974Might Just Take Your Life
5%

Score Distribution

Percentile by Number Answered

Percent of People with Each Score

Your Score History

You have not taken this quiz